Представление документа в формате MARC21

Поле Инд. ПП Название Значение
Тип записи a
Библиографический уровень b
001 Контрольный номер RU/IS/BASE/284900755
005 Дата корректировки 20200630193216.0
008 Кодируемые данные 20090110
040 b Код языка каталог. rus
e Правила каталог. PSBO
041 0_ a Код языка текста rus
084 a Индекс другой классификации/Индекс ББК 81.472.2-025.7
100 1_ a Автор Сигалова М. В.
245 10 a Заглавие Общая характеристика северо-восточной диалектной зоны Бразилии
504 a Библиография Библиогр. - Примеч.: с. 124 - 125
650 14 a Основная рубрика филологические науки
a Основная рубрика языкознание
a Основная рубрика частное языкознание
a Основная рубрика диалектология
653 0_ a Ключевые слова Бразилия
a Ключевые слова диалекты
a Ключевые слова история языка
a Ключевые слова лексика
a Ключевые слова лингвистический анализ
a Ключевые слова португальский язык
a Ключевые слова словообразование
a Ключевые слова фонетика
773 08 t Заглавие источника Вестник Московского университета. Серия 9, Филология
d Дата издания источника 2008
g Прочая информация № 3. - С. 118 - 125
w Контрольный № источника RU/IS/BASE/282745557
901 t Тип документа b